| 000 | 00702nam a22002412 4500 | ||
|---|---|---|---|
| 999 |
_c18161 _d18161 |
||
| 001 | 0000020848 | ||
| 003 | OSt | ||
| 005 | 20200124115340.0 | ||
| 008 | 111021s xx 000 0 eng d | ||
| 020 | _a0199668601 : | ||
| 040 |
_aKABU _cKABU |
||
| 050 |
_aKD7499 _b.M86 2018 c. 1 |
||
| 100 | 1 | _aMunday, Roderick | |
| 245 | 1 | 0 |
_aCross and Tapper on evidence / _cRoderick Munday |
| 250 | _a13th ed. | ||
| 260 |
_aOxford : _bO. U. P., _c2018. |
||
| 300 | _acxxvi, 740 p. | ||
| 650 | 0 |
_aEvidence (Law) _zEngland |
|
| 700 | 1 | _aCross, Rupert. | |
| 908 | _a111021 | ||
| 942 |
_2lcc _cBK _e13th _hKD7499 _i.M86 2018 c. 1 |
||